<?xml version="1.0" encoding="UTF-8"?>
<record
    xmlns:xsi="http://www.w3.org/2001/XMLSchema-instance"
    xsi:schemaLocation="http://www.loc.gov/MARC21/slim http://www.loc.gov/standards/marcxml/schema/MARC21slim.xsd"
    xmlns="http://www.loc.gov/MARC21/slim">

  <leader>00723nam a22002057a 4500</leader>
  <controlfield tag="001"> 84900</controlfield>
  <controlfield tag="003">BD-RjUL</controlfield>
  <controlfield tag="005">20250507104000.0</controlfield>
  <controlfield tag="008">250507s1941    ii ||||| |||| 00| 0 urd d</controlfield>
  <datafield tag="035" ind1=" " ind2=" ">
    <subfield code="a">(BD-RjUL) 84900</subfield>
  </datafield>
  <datafield tag="040" ind1=" " ind2=" ">
    <subfield code="a">BD-RjUL</subfield>
    <subfield code="b">eng</subfield>
    <subfield code="c">BD-RjUL</subfield>
  </datafield>
  <datafield tag="041" ind1=" " ind2=" ">
    <subfield code="a">urd</subfield>
  </datafield>
  <datafield tag="082" ind1=" " ind2=" ">
    <subfield code="2">23</subfield>
    <subfield code="a">891.439109</subfield>
    <subfield code="b">AHU 1941</subfield>
  </datafield>
  <datafield tag="100" ind1="1" ind2="0">
    <subfield code="a">Ahmed, Muhammad Jamil   ;;;;;  &#x627;&#x62D;&#x645;&#x62F;&#x60C; &#x645;&#x62D;&#x645;&#x62F; &#x62C;&#x645;&#x6CC;&#x644;</subfield>
    <subfield code="9">15418</subfield>
  </datafield>
  <datafield tag="245" ind1="1" ind2="0">
    <subfield code="a"> &#x627;&#x631;&#x62F;&#x648; &#x634;&#x627;&#x639;&#x631;&#x6CC; &#x6A9;&#x6CC; &#x645;&#x62E;&#x62A;&#x635;&#x631; &#x62A;&#x627;&#x631;&#x6CC;&#x62E; '''   urdu shaari ki mukhtasr taarekh /</subfield>
    <subfield code="c">&#x645;&#x62D;&#x645;&#x62F; &#x62C;&#x645;&#x6CC;&#x644; &#x627;&#x62D;&#x645;&#x62F; ;; Muhammad Jamil Ahmed</subfield>
  </datafield>
  <datafield tag="260" ind1=" " ind2=" ">
    <subfield code="a">&#x644;&#x6A9;&#x6C1;&#x646;&#x648; : Lucknow :</subfield>
    <subfield code="b">&#x646;&#x648;&#x644;&#x6A9;&#x634;&#x648;&#x631; &#x67E;&#x631;&#x6CC;&#x633; ;; Nolkishore Press , </subfield>
    <subfield code="c">1941</subfield>
  </datafield>
  <datafield tag="300" ind1=" " ind2=" ">
    <subfield code="a">360 p. ;</subfield>
    <subfield code="c">23 cm</subfield>
  </datafield>
  <datafield tag="650" ind1=" " ind2=" ">
    <subfield code="a">Urdu Poetry</subfield>
  </datafield>
  <datafield tag="942" ind1=" " ind2=" ">
    <subfield code="2">ddc</subfield>
    <subfield code="c">BK</subfield>
  </datafield>
  <datafield tag="999" ind1=" " ind2=" ">
    <subfield code="c">84900</subfield>
    <subfield code="d">84900</subfield>
  </datafield>
  <datafield tag="952" ind1=" " ind2=" ">
    <subfield code="0">0</subfield>
    <subfield code="1">0</subfield>
    <subfield code="2">ddc</subfield>
    <subfield code="4">0</subfield>
    <subfield code="7">1</subfield>
    <subfield code="8">NFIC</subfield>
    <subfield code="a">RUCL</subfield>
    <subfield code="b">RUCL</subfield>
    <subfield code="c">Reading</subfield>
    <subfield code="d">1956-02-20</subfield>
    <subfield code="g">4.00</subfield>
    <subfield code="l">0</subfield>
    <subfield code="o">U 891.439109 AHU 1941</subfield>
    <subfield code="r">2025-05-07 00:00:00</subfield>
    <subfield code="t">C-1</subfield>
    <subfield code="w">2025-05-07</subfield>
    <subfield code="y">BK</subfield>
  </datafield>
</record>
